Score 0/31 Timer 05:00
4 Plays Today
Animal Country % Correct
SheepNew Zealand
86.5%
CattleNew Zealand
86.4%
SheepAustralia
84%
CattleAustralia
84%
CattleArgentina
69.4%
TurkeysChile
64.5%
CattleBrazil
63%
SheepIreland
60.5%
CattleIreland
60.5%
SheepMongolia
54.3%
GoatsMongolia
54.3%
SheepUruguay
44.9%
CattleUruguay
44.9%
CattleParaguay
44.3%
SheepIceland
42.6%
PigsDenmark
40.7%
Animal Country % Correct
CattleSudan
28.9%
GoatsSudan
28.9%
SheepSudan
28.7%
SheepTurkmenistan
23.3%
SheepNamibia
22.3%
CattleNamibia
22.3%
SheepSomalia
21.8%
GoatsSomalia
21.8%
CattleBotswana
19.4%
GoatsBotswana
19.4%
SheepSyria
18.2%
SheepMauritania
14.1%
GoatsMauritania
14.1%
PigsSamoa
11.8%
PigsTuvalu
9.6%
Remove Ads.
Support Sporcle.
Get the best of Sporcle when you Go Orange. This ad-free experience offers more features, more stats, and more fun while also helping to support Sporcle. Thank you for becoming a member.

You're not logged in!

Compare scores with friends on all Sporcle quizzes.
OR
Log In

Sporcle TV

Today on Sporcle TV


Watch our educational content, quiz creation guides, and fun videos on Sporcle TV.

Show Comments

Extras

Top Quizzes Today


Score Distribution

Paid Content

Your Account Isn't Verified!

In order to create a playlist on Sporcle, you need to verify the email address you used during registration. Go to your Sporcle Settings to finish the process.

Report this User

Report this user for behavior that violates our Community Guidelines.

Details: